000 00261 a2200109 4500
000 nam a22 7a 4500
020 _a9780367270018
100 _aTotten,George E
_997
245 _aHandbook of metallurgical process design
260 _bCRC
_c2019
264 _bCRC
999 _c35983
_d35983